000 00619nam a2200217Ii 4500
001 22889
003 CO-ViMGA
008 241108s9999||||xx |||||||||||||| ||und||
020 _a9789587434828
040 _aCO-ViMGA
_bspa
_erda
_cCO-ViMGA
041 0 _aspa
084 _aN LEA2a2
100 1 _aLeal Quevedo, Francisco,
_d1945-.
_92732
245 1 0 _aAventura en el Amazonas
264 1 _aBogotá, Colombia : Loqueleo, 2003
300 _avolumen
336 _atext
_btxt
_2rdacontent
337 _aunmediated
_bn
_2rdamedia
338 _avolume
_bnc
_2rdacarrier
940 _aidficha_siabuc: 21404. -- ficha_no_siabuc:22889
999 _c44162
_d44162